| 000 | 00499nam a22001937a 4500 | ||
|---|---|---|---|
| 003 | MPLRDC | ||
| 005 | 20220104160515.0 | ||
| 008 | 210129b ||||| |||| 00| 0 eng d | ||
| 020 | _a981-05-3265-2 | ||
| 082 | _a848.3 ZXX v.38 | ||
| 100 | _a张小娴 | ||
| 245 |
_a月夜宝石 _c |
||
| 250 | _a一版一刷 | ||
| 260 |
_a新加坡 _b皇冠出版社(新)有限公司 _c2005 |
||
| 300 | _b平 | ||
| 490 | _a皇冠丛书; 宝石魔牌; 1 | ||
| 650 | _a现代别集 | ||
| 942 |
_cBK _o848.3 ZXX v.38 |
||
| 999 |
_c55023 _d55013 |
||